A-Z of science fiction

Bibliographic Details
Main Author: Chin Soek Hock
Format: Book
Published: Selangor : Express Education , 2006
Series:Steps into reading
Subjects:

MARC

LEADER 00000cam a2200000 7i4500
001 0000001497
005 20151222.0
008 070705
020 |a 9833555314 
090 0 0 |a JF   |b SC ENG (1569) 
100 1 |a Chin Soek Hock 
245 1 0 |a A-Z of science fiction   |c Chin Soek Hock 
260 |a Selangor :   |b Express Education ,   |c 2006 
440 0 |a Steps into reading 
500 |a Children ages 7-9 years old (orange) 
650 0 |a Science 
999 |a 0000954806   |b Book   |c Children Collection   |e Cawangan Taman Sri Lambak 
999 |a 0000954807   |b Book   |c Children Collection   |e Cawangan Bukit Gambir 
999 |a 0000954808   |b Book   |c Children Collection   |e Cawangan Kota Tinggi 
999 |a 0000954809   |b Book   |c Children Collection   |e Cawangan Bandar Penawar 
999 |a 0000954810   |b Book   |c Children Collection   |e Cawangan Mersing